| 000 | nam a22 a 4500 | ||
|---|---|---|---|
| 999 |
_c423961 _d423961 |
||
| 003 | BLK | ||
| 005 | 20210715130825.0 | ||
| 008 | 180911b bul|||||r ||||||| ||bul|| | ||
| 040 | _aBLK | ||
| 041 |
_aFRE _cFRE |
||
| 080 |
_aНемска литература _b821.112.2 _x-21 _z821.112.2-21 |
||
| 100 | 1 |
_aGoethe, Johann Wolfgang von _eпърви автор _911350 |
|
| 139 |
_aGoethe, Johann Wolfgang von _bG 58 |
||
| 245 | 0 | 0 |
_aIphigenie en Tauride _cJohann Wolfgang von Goethe ; Notice par B. Levy |
| 257 | _aFRA | ||
| 260 |
_aParis _bHachette _c1875 |
||
| 300 |
_a131 с _c15 см |
||
| 380 | _aX | ||
| 490 |
_9435080 _aКолекция Редки и ценни издания |
||
| 653 | _aдрама | ||
| 653 | _aтрагедии | ||
| 655 |
_aнемска литература _9396397 |
||
| 700 |
_aLevy, Beatrice _9173 _enotes by |
||
| 852 |
_aРф 875 _bРц |
||
| 942 |
_cKNG _n0 _s1 |
||
| 944 |
_aCR _c2021-07-15 _kВК |
||
| 999 | _d423961 | ||